[Event "GER-chT U10"]
[Site "Magdeburg"]
[Date "2014.12.27"]
[Round "1.4"]
[White "Gaebler, Jakob"]
[Black "Sieber, Paale"]
[Result "1-0"]
[WhiteElo "991"]
[BlackElo "600"]
[PlyCount "99"]
[EventDate "2014.12.27"]
[EventType "team-swiss"]
[EventRounds "7"]
[EventCountry "GER"]
[SourceTitle "EXT 2016"]
[Source "ChessBase"]
[SourceDate "2015.10.08"]
[SourceVersion "1"]
[SourceVersionDate "2015.10.08"]
[SourceQuality "1"]
[WhiteTeam "Leipzig Gruen Weiss"]
[BlackTeam "Leipzig Gruen Weiss II"]
[WhiteTeamCountry "GER"]
[BlackTeamCountry "GER"]

1. e4 e5 2. Nf3 Nc6 3. d4 Bd6 4. d5 Nf6 5. dxc6 bxc6 6. Nc3 0-0 7. Bg5 a6 8. Bd3 c5 9. Qd2 Bb7 10. 0-0-0 a5 11. Rdg1 Ba6 12. Bxa6 Rxa6 13. Nd5 Be7 14. h4 c6 15. Nxf6+ Bxf6 16. Nxe5 Bxg5 17. hxg5 Qe8 18. Nxd7 Ra7 19. Nxf8 Qxf8 20. f4 c4 21. f5 c5 22. g6 hxg6 23. fxg6 fxg6 24. Rf1 Qe8 25. Qd5+ Rf7 26. Rxf7 Qxf7 27. Qxf7+ Kxf7 28. Kd2 Ke7 29. Ke3 Ke6 30. Kf4 Kd6 31. Kg5 Ke5 32. Kxg6 Kxe4 33. Rh3 Kd4 34. c3+ Kd5 35. Rh4 Kc6 36. a4 Kb6 37. Kxg7 Ka6 38. Rh6+ Kb7 39. Kf6 Kc6 40. Ke5+ Kb7 41. Kd5 Ka7 42. Kxc5 Kb7 43. Rg6 Kc7 44. Rg7+ Kd8 45. Kd6 Ke8 46. Ra7 Kf8 47. Ke6 Kg8 48. Kf6 Kh8 49. Kg6 Kg8 50. Ra8# 1-0

[Event "GER-chT U10"]
[Site "Magdeburg"]
[Date "2013.12.28"]
[Round "3.2"]
[White "Gaebler, Jakob"]
[Black "Currenti, Alessandro"]
[Result "1-0"]
[WhiteElo "948"]
[BlackElo "720"]
[PlyCount "43"]
[EventDate "2013.12.27"]
[EventType "team-swiss"]
[EventRounds "5"]
[EventCountry "GER"]
[SourceTitle "EXT 2015"]
[Source "ChessBase"]
[SourceDate "2014.11.20"]
[SourceVersion "1"]
[SourceVersionDate "2014.11.20"]
[SourceQuality "1"]
[WhiteTeam "Leipzig Gruen Weiss II"]
[BlackTeam "Magdeburg Schachzwerge III"]
[WhiteTeamCountry "GER"]
[BlackTeamCountry "GER"]

1. e4 e5 2. Nf3 Nc6 3. Bc4 Bc5 4. Nc3 Nf6 5. d3 0-0 6. Bg5 h6 7. Bh4 d6 8. Nd5 Qe8 9. Bxf6 Bg4 10. Qd2 Nd4 11. Nxd4 Bxd4 12. f3 Be6 13. Nxc7 Qc8 14. Nxa8 Qxa8 15. Bh4 Bxb2 16. Rb1 Ba3 17. Qf2 Bc5 18. Qg3 g5 19. Bxg5 hxg5 20. Qxg5+ Kh8 21. h4 Rg8 22. Qh6# 1-0

[Event "GER-chT U10"]
[Site "Magdeburg"]
[Date "2013.12.28"]
[Round "5.2"]
[White "Gaebler, Jakob"]
[Black "Grube, Olaf"]
[Result "0-1"]
[WhiteElo "948"]
[BlackElo "1224"]
[PlyCount "39"]
[EventDate "2013.12.27"]
[EventType "team-swiss"]
[EventRounds "5"]
[EventCountry "GER"]
[SourceTitle "EXT 2015"]
[Source "ChessBase"]
[SourceDate "2014.11.20"]
[SourceVersion "1"]
[SourceVersionDate "2014.11.20"]
[SourceQuality "1"]
[WhiteTeam "Leipzig Gruen Weiss II"]
[BlackTeam "Bernhausen"]
[WhiteTeamCountry "GER"]
[BlackTeamCountry "GER"]

1. e4 e5 2. Nf3 Nc6 3. Bc4 Bc5 4. Nc3 Nf6 5. d3 h6 6. Be3 Bb6 7. Qd2 0-0 8. 0-0-0 d6 9. h3 Be6 10. Bxe6 fxe6 11. g4 d5 12. exd5 exd5 13. g5 hxg5 14. Bxg5 Ba5 15. Rhg1 d4 16. Bh6 Rf7 17. Rg6 Ne8 18. Rdg1 dxc3 19. bxc3 e4 20. Ng5 0-1

[Event "GER-chT U10"]
[Site "Magdeburg"]
[Date "2013.12.27"]
[Round "1.2"]
[White "Gaebler, Jakob"]
[Black "Brunner, Sophia"]
[Result "0-1"]
[WhiteElo "948"]
[BlackElo "1370"]
[PlyCount "54"]
[EventDate "2013.12.27"]
[EventType "team-swiss"]
[EventRounds "5"]
[EventCountry "GER"]
[SourceTitle "EXT 2015"]
[Source "ChessBase"]
[SourceDate "2014.11.20"]
[SourceVersion "1"]
[SourceVersionDate "2014.11.20"]
[SourceQuality "1"]
[WhiteTeam "Leipzig Gruen Weiss II"]
[BlackTeam "Hagen"]
[WhiteTeamCountry "GER"]
[BlackTeamCountry "GER"]

1. e4 e6 2. Nc3 Ne7 3. d4 d5 4. e5 Nf5 5. Nf3 c5 6. Bf4 Nc6 7. dxc5 Bxc5 8. Bd3 Nfe7 9. Qd2 0-0 10. 0-0-0 a5 11. Bg5 a4 12. Qf4 a3 13. b3 d4 14. Qh4 h6 15. Bxh6 Nf5 16. Qe4 dxc3 17. g4 Nb4 18. gxf5 Nxa2+ 19. Kb1 Nb4 20. Qg4 a2+ 21. Ka1 g6 22. fxg6 Qxd3 23. gxf7+ Kxf7 24. Ng5+ Ke7 25. Bxf8+ Kxf8 26. Nxe6+ Bxe6 27. Qxe6 Nxc2# 0-1